Record Details
Back To Results
Showing Item 3 of 8

SWL Integrated Science For Senior High Schools. Student's Book

Record details

  • ISBN: 9789988062514
  • Physical Description: Paperback
  • Publisher: Accra: Sam-Woode Ltd 2011
Subject: Integrated Science

Available copies

  • 4 of 4 copies available at Headquarters.
Location Call Number / Copy Notes Barcode Shelving Location Status Due Date
Amasaman Library 201 500/ODD 000001961331 500 - Science & Math, Space, Earth, Weather, Animals,Plants - Available -
Amasaman Library 201 500/ODD 000001961379 500 - Science & Math, Space, Earth, Weather, Animals,Plants - Available -
Bortiano Library 201 500/ODD 000001961355 500 - Science & Math, Space, Earth, Weather, Animals,Plants - Available -
Bortiano Library 201 500/ODD 000001961409 500 - Science & Math, Space, Earth, Weather, Animals,Plants - Available -

No reviews or recommendations are currently available.

Loading shelf browser…

LDR 00620cam a2200205Ka 4500
00183047
003HQ
00520210924123219.0
008070101s gh a drf 0 eng d
020 . ‡a9789988062514
037 . ‡aRebecca Foundation
082 . ‡a500/ODD
100 . ‡aE.O.K. Oddoye[et,al]
245 . ‡aSWL Integrated Science For Senior High Schools. Student's Book
260 . ‡aAccra: ‡bSam-Woode Ltd ‡c2011
300 . ‡aPaperback
650 . ‡aIntegrated Science
901 . ‡a83047 ‡bAUTOGEN ‡c83047 ‡tbiblio
Back To Results
Showing Item 3 of 8

Session Timeout

Your session will expire in minutes and seconds.

If you need more time, please click "Continue Session."

Session Ended

Your session has ended. Redirecting to the home page...